000 01370nam0a2200349 4500
001 RU\NLR\BIBL_A\012050497
005 20220311121117.0
010 _a978-5-04-102334-8
_94000
021 _aRU
_bКН-П-19-040851
_9КН-П-19-3000
035 _a(NLR Aleph) 012050497
035 _a(RuMoRGB)009999466
090 _a11648835
_c11648835
100 _a20190702d2019 a y0rusy50 ca
101 1 _arus
_cper
102 _aRU
105 _aa zzzz||||0ay
200 1 _aРубайат
_fОмар Хайям
_g[перевод с фарси Г. Плисецкого и О. Румера]
210 _aМосква
_cЭксмо
_d2019
215 _a227, [1] с.
_d21
225 1 _aЗарубежная классика
225 1 _aВсемирная литература
333 _a16+
604 _1700#0$aОмар Хайям$fок.1048 - ок.1122
_15010#$aРубаи$2nlr_sh2$3RU\NLR\AUTH\661286404
686 1 _aШ5(0)952.314-4Омар Хайям535текст
700 0 _aОмар Хайям
_f1048-1131
_3RU\NLR\AUTH\774823
702 1 _aПлисецкий
_bГ. Б.
_cпоэт, переводчик
_f1931-1992
_gГерман Борисович
_3RU\NLR\AUTH\7784532
_4730
942 _cBOOK
980 _aNBR
980 _aNB